[Event "CZE-chT2D 1920"]
[Site "Czech Republic"]
[Date "2019.11.17"]
[Round "3.7"]
[White "Stodola, Marek"]
[Black "Brozka, Karel"]
[Result "1/2-1/2"]
[WhiteElo "1984"]
[BlackElo "1940"]
[PlyCount "106"]
[EventDate "2019.10.13"]
[EventType "team-tourn"]
[EventRounds "11"]
[EventCountry "CZE"]
[SourceTitle "EXT 2024"]
[Source "ChessBase"]
[SourceDate "2023.10.10"]
[SourceVersion "1"]
[SourceVersionDate "2023.10.10"]
[SourceQuality "1"]
[WhiteTeam "Policka Stefanydes"]
[BlackTeam "Polabiny III"]
[WhiteTeamCountry "CZE"]
[BlackTeamCountry "CZE"]

1. d4 Nf6 2. c4 c5 3. d5 b5 4. cxb5 a6 5. b6 d6 6. Nc3 Nbd7 7. e4 Nxb6 8. Nf3 g6 9. Bd3 Bg7 10. 0-0 0-0 11. Nd2 Ng4 12. Nc4 Nxc4 13. Bxc4 f5 14. Be2 Nf6 15. f3 fxe4 16. fxe4 Nd7 17. Be3 Ne5 18. h3 Bd7 19. Rxf8+ Bxf8 20. Qd2 Qb6 21. Rf1 Bg7 22. Bg5 Re8 23. Kh1 a5 24. Rf2 Qb4 25. Bf1 a4 26. a3 Qb3 27. Qf4 Rf8 28. Qh4 Rxf2 29. Qxf2 Bf8 30. Qd2 Nf7 31. Be3 Bg7 32. Qc1 Ne5 33. Bg5 Kf7 34. Qf4+ Bf6 35. Bxf6 exf6 36. Qh4 Kg7 37. Qf2 h6 38. Qd2 g5 39. Be2 Nc4 40. Bxc4 Qxc4 41. Qf2 Qd3 42. Kh2 Qd4 43. Qg3 Qe5 44. Qxe5 fxe5 45. g4 Kf7 46. Kg3 Ke7 47. h4 Kd8 48. Nd1 Ke7 49. hxg5 hxg5 50. Ne3 Bb5 51. Nf5+ Kd7 52. Ng7 Ke7 53. Nf5+ Kd7 1/2-1/2

[Event "CZE-chT2D 1819"]
[Site "Czech Republic"]
[Date "2018.10.14"]
[Round "1.8"]
[White "Stodola, Marek"]
[Black "Michalek, Frantisek"]
[Result "1/2-1/2"]
[WhiteElo "1972"]
[BlackElo "2034"]
[PlyCount "47"]
[EventDate "2018.10.14"]
[EventType "team-tourn"]
[EventRounds "11"]
[EventCountry "CZE"]
[SourceTitle "EXT 2022"]
[Source "ChessBase"]
[SourceDate "2021.10.06"]
[SourceVersion "1"]
[SourceVersionDate "2021.10.06"]
[SourceQuality "1"]
[WhiteTeam "Policka Stefanydes"]
[BlackTeam "Kolin"]
[WhiteTeamCountry "CZE"]
[BlackTeamCountry "CZE"]

1. d4 d5 2. c4 Nc6 3. cxd5 Qxd5 4. e3 e5 5. Nc3 Bb4 6. Bd2 Bxc3 7. bxc3 exd4 8. cxd4 Nge7 9. Nf3 Bg4 10. Be2 0-0 11. 0-0 Rad8 12. Qb1 Bf5 13. Qb5 Be4 14. Rfc1 Bxf3 15. gxf3 Qe6 16. Rc5 b6 17. Rg5 h6 18. Rg2 Rd5 19. Qd3 Rfd8 20. Bc3 Rg5 21. Rxg5 hxg5 22. Qe4 Qd6 23. Rc1 Nd5 24. Bc4 1/2-1/2

[Event "CZE-chT2D 1718"]
[Site "Czech Republic"]
[Date "2018.03.18"]
[Round "10.8"]
[White "Stodola, Marek"]
[Black "Pulpan, Matej"]
[Result "1/2-1/2"]
[WhiteElo "1974"]
[BlackElo "2067"]
[PlyCount "71"]
[EventDate "2017.10.15"]
[EventType "team-tourn"]
[EventRounds "11"]
[EventCountry "CZE"]
[SourceTitle "EXT 2022"]
[Source "ChessBase"]
[SourceDate "2021.10.06"]
[SourceVersion "1"]
[SourceVersionDate "2021.10.06"]
[SourceQuality "1"]
[WhiteTeam "Policka Stefanydes"]
[BlackTeam "Polabiny III"]
[WhiteTeamCountry "CZE"]
[BlackTeamCountry "CZE"]

1. d4 Nf6 2. c4 g6 3. Nc3 d5 4. Nf3 Bg7 5. Bg5 Ne4 6. cxd5 Nxc3 7. bxc3 Qxd5 8. e3 Bg4 9. Bf4 0-0 10. Be2 Qa5 11. Qb3 c5 12. 0-0 b6 13. Bc4 Bxf3 14. gxf3 Nc6 15. Rac1 e5 16. dxe5 Nxe5 17. Bxe5 Bxe5 18. Rfd1 Rad8 19. Bxf7+ Kg7 20. Rxd8 Rxd8 21. Bd5 c4 22. Bxc4 Rd2 23. Rd1 Qxc3 24. Rxd2 Qxd2 25. f4 Bf6 26. Qd3 Qxd3 27. Bxd3 Be7 28. e4 g5 29. fxg5 Bxg5 30. Kg2 Kf6 31. e5+ Kxe5 32. Bxh7 Kf4 33. Bg8 b5 34. f3 Bh4 35. Bd5 a5 36. Bc6 1/2-1/2

[Event "CZE-chT2D 1617"]
[Site "Czech Republic"]
[Date "2016.10.30"]
[Round "2.8"]
[White "Stodola, Marek"]
[Black "Ptacek, Lubos"]
[Result "0-1"]
[WhiteElo "1939"]
[BlackElo "2122"]
[PlyCount "54"]
[EventDate "2016.10.09"]
[EventType "team-tourn"]
[EventRounds "11"]
[EventCountry "CZE"]
[SourceTitle "EXT 2022"]
[Source "ChessBase"]
[SourceDate "2021.10.06"]
[SourceVersion "1"]
[SourceVersionDate "2021.10.06"]
[SourceQuality "1"]
[WhiteTeam "Policka Stefanydes"]
[BlackTeam "Vysoke Myto"]
[WhiteTeamCountry "CZE"]
[BlackTeamCountry "CZE"]

1. c4 e5 2. d3 d6 3. Nc3 f5 4. g3 Nf6 5. Bg2 Be7 6. f4 c6 7. Qb3 Nbd7 8. Nf3 Nc5 9. Qc2 Qc7 10. 0-0 0-0 11. h3 Nh5 12. Kh2 exf4 13. gxf4 Bd7 14. e3 Rae8 15. d4 Ne4 16. Nxe4 fxe4 17. Nd2 Bh4 18. Bxe4 Ng3 19. Bxh7+ Kh8 20. Rf3 Qc8 21. Ne4 Nxe4 22. Bxe4 Rxe4 23. Bd2 Bf5 24. Qd1 Rf6 25. Be1 Bxe1 26. Qxe1 Rh6 27. Qf1 Ree6 0-1

[Event "CZE-chT2D 1314"]
[Site "Czech Republic"]
[Date "2014.03.23"]
[Round "10.8"]
[White "Mares, Jan"]
[Black "Stodola, Marek"]
[Result "1/2-1/2"]
[WhiteElo "2008"]
[BlackElo "1963"]
[PlyCount "137"]
[EventDate "2013.11.03"]
[EventType "team-tourn"]
[EventRounds "11"]
[EventCountry "CZE"]
[SourceTitle "EXT 2016"]
[Source "ChessBase"]
[SourceDate "2015.10.08"]
[SourceVersion "1"]
[SourceVersionDate "2015.10.08"]
[SourceQuality "1"]
[WhiteTeam "Usti nad Orlici"]
[BlackTeam "Policka"]
[WhiteTeamCountry "CZE"]
[BlackTeamCountry "CZE"]

1. e4 c5 2. Nf3 a6 3. c4 Nc6 4. d4 cxd4 5. Nxd4 d6 6. Nc3 e6 7. Be3 Nf6 8. Be2 Qc7 9. 0-0 Be7 10. f4 0-0 11. f5 Bd7 12. g4 Nxd4 13. Qxd4 h6 14. Rf2 Ne8 15. Raf1 Bh4 16. Rg2 Bg5 17. Kh1 Bc6 18. h4 Bxe3 19. Qxe3 Qe7 20. g5 exf5 21. gxh6 g6 22. h5 Kh7 23. hxg6+ fxg6 24. Qg3 Qf7 25. Nd5 Bxd5 26. cxd5 Nf6 27. exf5 gxf5 28. Qg7+ Qxg7 29. hxg7 Rf7 30. Rxf5 Kg8 31. Rg6 Rc8 32. Bd3 Nd7 33. Rxf7 Kxf7 34. Rxd6 Nf6 35. Rb6 Kxg7 36. Rxb7+ Kh6 37. Rb6 Kg5 38. d6 a5 39. Bb5 Rd8 40. d7 Nxd7 41. Bxd7 Rxd7 42. Kg2 Kf4 43. Kf2 Ke4 44. Ke2 Ra7 45. Kd2 Kd4 46. Rc6 Kd5 47. Rc8 Kd4 48. a4 Ra6 49. Kc2 Ra7 50. Kb3 Ra6 51. Ka3 Rh6 52. b3 Rh1 53. Rc4+ Kd5 54. Rc8 Kd4 55. Ra8 Rh5 56. Rb8 Rg5 57. Rb5 Rxb5 58. axb5 Kc5 59. Ka4 Kb6 60. b4 axb4 61. Kxb4 Kb7 62. Kc5 Kc7 63. b6+ Kb7 64. Kb5 Kb8 65. Kb4 Kb7 66. Kc5 Kb8 67. Kc6 Kc8 68. b7+ Kb8 69. Kb6 1/2-1/2

[Event "CZE-chT2D 1314"]
[Site "Czech Republic"]
[Date "2014.01.19"]
[Round "6.8"]
[White "Urban, Zdenek"]
[Black "Stodola, Marek"]
[Result "1/2-1/2"]
[WhiteElo "2138"]
[BlackElo "1963"]
[PlyCount "181"]
[EventDate "2013.11.03"]
[EventType "team-tourn"]
[EventRounds "11"]
[EventCountry "CZE"]
[SourceTitle "EXT 2016"]
[Source "ChessBase"]
[SourceDate "2015.10.08"]
[SourceVersion "1"]
[SourceVersionDate "2015.10.08"]
[SourceQuality "1"]
[WhiteTeam "Jicin II"]
[BlackTeam "Policka"]
[WhiteTeamCountry "CZE"]
[BlackTeamCountry "CZE"]

1. c4 Nf6 2. Nf3 e6 3. g3 d5 4. Bg2 Nbd7 5. d3 c6 6. 0-0 Be7 7. Nc3 0-0 8. e4 dxe4 9. dxe4 e5 10. Qc2 Qc7 11. Rb1 a5 12. h3 Nb6 13. b3 Re8 14. Be3 Nfd7 15. Ne1 Bc5 16. Nd1 f6 17. Nd3 Bxe3 18. Nxe3 Nf8 19. c5 Nbd7 20. f4 Ne6 21. Nf5 b6 22. Nd6 Re7 23. fxe5 bxc5 24. exf6 Nxf6 25. Nf5 Re8 26. Nxc5 Nxc5 27. Qxc5 Bxf5 28. Rxf5 Qxg3 29. Rg5 Qd3 30. Re1 Nxe4 31. Qxc6 Qd4+ 32. Kh2 Nd6 33. Qd5+ Qxd5 34. Bxd5+ Kh8 35. Bxa8 Rxe1 36. Rxa5 Kg8 37. Ra7 Kf8 38. b4 Nb5 39. Ra5 Nc3 40. a4 Rb1 41. Rf5+ Ke7 42. a5 Rxb4 43. a6 Ra4 44. Bb7 Ra2+ 45. Kh1 Ne2 46. Rf7+ Ke6 47. Rxg7 h5 48. a7 Ra1+ 49. Kh2 Kf6 50. Rg8 Rxa7 51. Bf3 Nf4 52. Kg3 Rg7+ 53. Rxg7 Kxg7 54. Kxf4 Kg6 55. Ke5 Kg7 56. Bd5 Kg6 57. Ke6 Kg7 58. Ke7 h4 59. Be4 Kg8 60. Bd5+ Kg7 61. Bf7 Kh7 62. Kf8 Kh8 63. Bc4 Kh7 64. Kf7 Kh8 65. Kf6 Kh7 66. Bd3+ Kh8 67. Kg5 Kg8 68. Kxh4 Kh8 69. Kg5 Kg7 70. Bc4 Kh8 71. Kf6 Kh7 72. Bf7 Kh8 73. Ke7 Kh7 74. Kf6 Kh8 75. Ke5 Kh7 76. Kf6 Kh8 77. h4 Kh7 78. Bg6+ Kh6 79. Bf7 Kh7 80. h5 Kh8 81. Ke7 Kh7 82. Bg6+ Kh8 83. Ke8 Kg7 84. Ke7 Kh8 85. Kf6 Kg8 86. Kg5 Kg7 87. Bf5 Kg8 88. Kh6 Kh8 89. Bg6 Kg8 90. Bh7+ Kh8 91. Kg6 1/2-1/2

[Event "CZE-chTE U20 1112"]
[Site "Czech Republic"]
[Date "2012.01.21"]
[Round "6.1"]
[White "Stodola, Marek"]
[Black "Zezula, Rudolf"]
[Result "1/2-1/2"]
[WhiteElo "1874"]
[BlackElo "1959"]
[PlyCount "117"]
[EventDate "2011.10.15"]
[EventType "team-tourn"]
[EventRounds "7"]
[EventCountry "CZE"]
[SourceTitle "EXT 2013"]
[Source "ChessBase"]
[SourceDate "2012.11.22"]
[SourceVersion "1"]
[SourceVersionDate "2012.11.22"]
[SourceQuality "1"]
[WhiteTeam "Policka"]
[BlackTeam "Namest nad Oslavou"]
[WhiteTeamCountry "CZE"]
[BlackTeamCountry "CZE"]

1. d4 d5 2. c4 e6 3. Nc3 c5 4. e3 Nf6 5. Nf3 Be7 6. Bd3 0-0 7. 0-0 Nc6 8. b3 b6 9. Bb2 Ba6 10. cxd5 Bxd3 11. Qxd3 Nb4 12. Qd2 Nbxd5 13. Nxd5 Qxd5 14. Rfd1 Rfd8 15. Qe2 Qh5 16. dxc5 Qxc5 17. Rac1 Rxd1+ 18. Qxd1 Qd5 19. Qxd5 Nxd5 20. Kf1 Kf8 21. Ke2 f6 22. Nd4 Kf7 23. g3 Bc5 24. a3 a5 25. Nb5 e5 26. Rd1 Ne7 27. Bc3 Nc6 28. Rd7+ Be7 29. Rc7 Nd8 30. Kd3 Rb8 31. Kc4 Ne6 32. Nd6+ Kf8 33. Rc8+ Rxc8+ 34. Nxc8 Bxa3 35. Nxb6 Ng5 36. Bxa5 Ke8 37. h4 Ne4 38. Be1 Be7 39. Kd5 Nc5 40. Kc4 e4 41. b4 Nd3 42. Bc3 Nxf2 43. b5 Bd6 44. Nd5 Kd7 45. Nf4 Ng4 46. Kd4 Be5+ 47. Kc4 Bxc3 48. Kxc3 Nxe3 49. Kd4 Nf5+ 50. Kxe4 Nxg3+ 51. Kd5 Nf5 52. h5 Ne7+ 53. Kc5 g5 54. hxg6 hxg6 55. b6 g5 56. Nd3 g4 57. Kd4 Kc6 58. b7 Kxb7 59. Ke4 1/2-1/2

[Event "CZE-chTE U20 1112"]
[Site "Czech Republic"]
[Date "2011.11.26"]
[Round "5.1"]
[White "Stodola, Marek"]
[Black "Blahynka, Martin"]
[Result "0-1"]
[WhiteElo "1874"]
[BlackElo "2098"]
[PlyCount "74"]
[EventDate "2011.10.15"]
[EventType "team-tourn"]
[EventRounds "7"]
[EventCountry "CZE"]
[SourceTitle "EXT 2013"]
[Source "ChessBase"]
[SourceDate "2012.11.22"]
[SourceVersion "1"]
[SourceVersionDate "2012.11.22"]
[SourceQuality "1"]
[WhiteTeam "Policka"]
[BlackTeam "Brno Duras"]
[WhiteTeamCountry "CZE"]
[BlackTeamCountry "CZE"]

1. d4 Nf6 2. Nf3 c5 3. d5 b5 4. c4 b4 5. Qc2 g6 6. e4 d6 7. Be2 Bg7 8. 0-0 0-0 9. Ne1 e5 10. Be3 Ne8 11. Nd2 f5 12. f3 a5 13. a3 Na6 14. Nd3 Rb8 15. Nb3 a4 16. Nd2 Bd7 17. axb4 Nxb4 18. Nxb4 Rxb4 19. Rfb1 Qa5 20. b3 Nc7 21. bxa4 Rxa4 22. Rxa4 Bxa4 23. Qb2 Na6 24. Nb3 Bxb3 25. Qxb3 Rb8 26. Qc2 Nb4 27. Bd2 Bh6 28. Rxb4 cxb4 29. Bxh6 b3 30. Qb1 Qa2 31. Bd3 Qxb1+ 32. Bxb1 Ra8 33. Kf2 Ra2+ 34. Ke3 f4+ 35. Kd3 Rb2 36. c5 dxc5 37. d6 Kf7 0-1

[Event "CZE-ch U16"]
[Site "Kouty nad Desnou"]
[Date "2011.03.19"]
[Round "9"]
[White "Stodola, Marek"]
[Black "Haman, Jakub"]
[Result "0-1"]
[WhiteElo "1892"]
[BlackElo "2035"]
[PlyCount "102"]
[EventDate "2011.03.12"]
[EventType "swiss"]
[EventRounds "9"]
[EventCountry "CZE"]
[SourceTitle "EXT 2014"]
[Source "ChessBase"]
[SourceDate "2013.11.20"]
[SourceVersion "1"]
[SourceVersionDate "2013.11.20"]
[SourceQuality "1"]

1. c4 Nf6 2. Nc3 d5 3. d4 dxc4 4. e4 e5 5. Nf3 exd4 6. Nxd4 c5 7. Nf3 Qxd1+ 8. Kxd1 Bg4 9. Bxc4 Nc6 10. h3 Rd8+ 11. Bd2 Bxf3+ 12. gxf3 Bd6 13. Nd5 Nxd5 14. Bxd5 Ne7 15. Kc2 Nxd5 16. exd5 0-0 17. Be3 Rd7 18. Rad1 f5 19. Rd3 f4 20. Bd2 Rf5 21. Bc3 Rh5 22. a3 Bf8 23. Bd2 Rhxd5 24. Rxd5 Rxd5 25. Bxf4 Rf5 26. Bg3 Kf7 27. Rd1 Ke6 28. Rd3 Be7 29. Kd2 Rd5 30. b3 b5 31. Kc3 Rxd3+ 32. Kxd3 c4+ 33. bxc4 bxc4+ 34. Kxc4 Bxa3 35. Bf4 Kf5 36. Bb8 a6 37. Kb3 Bc1 38. Kb4 Bf4 39. Ba7 Bd2+ 40. Kc4 Ba5 41. Bb8 Kg5 42. Bg3 Bd2 43. h4+ Kh5 44. Kc5 Ba5 45. Be5 g6 46. Bf6 Be1 47. Kb6 Bxf2+ 48. Kxa6 Bxh4 49. Bd4 Kg5 50. Be3+ Kf5 51. Kb5 Bg5 0-1

[Event "CZE-ch U16"]
[Site "Kouty nad Desnou"]
[Date "2011.03.18"]
[Round "8"]
[White "Stodola, Marek"]
[Black "Gnida, Patrik"]
[Result "0-1"]
[WhiteElo "1892"]
[BlackElo "1769"]
[PlyCount "40"]
[EventDate "2011.03.12"]
[EventType "swiss"]
[EventRounds "9"]
[EventCountry "CZE"]
[SourceTitle "EXT 2014"]
[Source "ChessBase"]
[SourceDate "2013.11.20"]
[SourceVersion "1"]
[SourceVersionDate "2013.11.20"]
[SourceQuality "1"]

1. d4 Nf6 2. c4 g6 3. Nc3 Bg7 4. e4 d6 5. Be2 0-0 6. Nf3 Nbd7 7. 0-0 c5 8. h3 cxd4 9. Nxd4 b6 10. Nc6 Qe8 11. Nb5 Nc5 12. Ncxa7 Qd7 13. Nxc8 Rfxc8 14. f3 Nh5 15. Qc2 Ng3 16. Rd1 Ncxe4 17. Bd3 Nc5 18. a3 Qe6 19. Bf4 Nxd3 20. Qxd3 Ne2+ 0-1

[Event "CZE-ch U16"]
[Site "Kouty nad Desnou"]
[Date "2011.03.14"]
[Round "3"]
[White "Stodola, Marek"]
[Black "Mikes, Jan"]
[Result "1/2-1/2"]
[WhiteElo "1892"]
[BlackElo "1864"]
[PlyCount "120"]
[EventDate "2011.03.12"]
[EventType "swiss"]
[EventRounds "9"]
[EventCountry "CZE"]
[SourceTitle "EXT 2014"]
[Source "ChessBase"]
[SourceDate "2013.11.20"]
[SourceVersion "1"]
[SourceVersionDate "2013.11.20"]
[SourceQuality "1"]

1. d4 Nf6 2. c4 e6 3. Nf3 Bb4+ 4. Bd2 Qe7 5. e3 Bxd2+ 6. Nbxd2 d6 7. Qc2 e5 8. dxe5 dxe5 9. Bd3 Nc6 10. a3 Bg4 11. Ne4 Nd7 12. h3 Bxf3 13. gxf3 0-0-0 14. 0-0-0 g6 15. Nc3 f5 16. Nd5 Qe6 17. e4 f4 18. b4 Kb8 19. Qb2 Rhf8 20. b5 Nd4 21. Be2 Nc5 22. Kb1 Na4 23. Qb4 Nxe2 24. Qxa4 c6 25. bxc6 Qxc6 26. Qc2 Nd4 27. Qd3 Rd6 28. Ka2 Rc8 29. Rc1 Qa4 30. Rc3 Qa5 31. Rb1 Qc5 32. Rbc1 Rcc6 33. h4 Ra6 34. Rb1 Ra4 35. Rbc1 Nc6 36. Qe2 Nd4 37. Qd3 Rda6 38. Rb1 Nc6 39. Rb5 Qxf2+ 40. Rb2 Qxh4 41. Rcb3 Nd8 42. Nb4 Qe7 43. Nxa6+ Rxa6 44. Rd2 Ne6 45. Qd5 Nd4 46. Rxd4 exd4 47. Qxd4 Rd6 48. Qc3 h5 49. Rb5 h4 50. Qh8+ Kc7 51. Re5 Qd7 52. Rc5+ Kb6 53. Rb5+ Ka6 54. Rd5 Rxd5 55. cxd5 h3 56. Qf6+ b6 57. Qxf4 Qa4 58. Qh2 Qc4+ 59. Kb2 Qd4+ 60. Ka2 Qc4+ 1/2-1/2

[Event "CZE-ch U16"]
[Site "Kouty nad Desnou"]
[Date "2011.03.13"]
[Round "2"]
[White "Walek, Petr"]
[Black "Stodola, Marek"]
[Result "1-0"]
[WhiteElo "1664"]
[BlackElo "1892"]
[PlyCount "57"]
[EventDate "2011.03.12"]
[EventType "swiss"]
[EventRounds "9"]
[EventCountry "CZE"]
[SourceTitle "EXT 2014"]
[Source "ChessBase"]
[SourceDate "2013.11.20"]
[SourceVersion "1"]
[SourceVersionDate "2013.11.20"]
[SourceQuality "1"]

1. e4 c5 2. Nf3 d6 3. d4 cxd4 4. Nxd4 Nf6 5. Nc3 e6 6. Be3 a6 7. f3 b5 8. Qd2 Qc7 9. 0-0-0 b4 10. Nce2 d5 11. e5 Nfd7 12. f4 Nb6 13. Ng3 N8d7 14. Re1 Rb8 15. Bd3 Nc4 16. Bxc4 dxc4 17. Qe2 b3 18. axb3 cxb3 19. c3 Qa5 20. Kd2 Qa2 21. Rb1 Bb7 22. f5 Nc5 23. Bf4 exf5 24. e6 Ne4+ 25. Nxe4 Bxe4 26. exf7+ Kd7 27. Bxb8 g6 28. Qc4 Bh6+ 29. Ke2 1-0

[Event "CZE-ch U16"]
[Site "Kouty nad Desnou"]
[Date "2011.03.12"]
[Round "1"]
[White "Stodola, Marek"]
[Black "Rubes, Jan"]
[Result "0-1"]
[WhiteElo "1892"]
[BlackElo "2039"]
[PlyCount "70"]
[EventDate "2011.03.12"]
[EventType "swiss"]
[EventRounds "9"]
[EventCountry "CZE"]
[SourceTitle "EXT 2014"]
[Source "ChessBase"]
[SourceDate "2013.11.20"]
[SourceVersion "1"]
[SourceVersionDate "2013.11.20"]
[SourceQuality "1"]

1. d4 Nf6 2. c4 g6 3. Nc3 Bg7 4. e4 d6 5. Be2 0-0 6. Nf3 e5 7. 0-0 Nc6 8. d5 Ne7 9. Ne1 Nd7 10. Be3 f5 11. f3 f4 12. Bf2 g5 13. Nd3 Nf6 14. c5 Rf7 15. Rc1 Ng6 16. cxd6 cxd6 17. Nb5 g4 18. Qc2 g3 19. hxg3 fxg3 20. Bxg3 Nh5 21. Bf2 Bh6 22. Nc7 Rb8 23. Ne6 Bxe6 24. dxe6 Rg7 25. e7 Qxe7 26. Qb3+ Kh8 27. Rc2 Rbg8 28. Kh1 Qf6 29. g4 Nhf4 30. Bg3 Bg5 31. Rf2 Bh4 32. Bxh4 Qxh4+ 33. Rh2 Qg3 34. Bd1 Nxd3 35. Qxd3 Qe1+ 0-1

[Event "CZE Czechia-ch U16"]
[Site "Harrachov"]
[Date "2009.10.24"]
[Round "1"]
[White "Stodola, Marek"]
[Black "Braun, Marek"]
[Result "0-1"]
[WhiteElo "1662"]
[BlackElo "2108"]
[PlyCount "70"]
[EventDate "2009.10.24"]
[EventType "swiss"]
[EventRounds "9"]
[EventCountry "CZE"]
[SourceTitle "EXT 2012"]
[Source "ChessBase"]
[SourceDate "2011.11.24"]
[SourceVersion "1"]
[SourceVersionDate "2011.11.24"]
[SourceQuality "1"]

1. d4 Nf6 2. c4 g6 3. Nc3 Bg7 4. Nf3 0-0 5. e4 d6 6. Bd3 e5 7. d5 Nbd7 8. 0-0 Ne8 9. b4 a5 10. Ba3 f5 11. Nd2 b6 12. f3 Qg5 13. Qe1 h5 14. Rf2 f4 15. b5 Rf7 16. Nf1 Nf8 17. Kh1 Qe7 18. Rc2 g5 19. Be2 g4 20. Bd1 Qg5 21. Rb1 Kh8 22. Rbb2 Bh6 23. Nb1 Nh7 24. Nc3 Bd7 25. Nb1 Nef6 26. Nc3 Rg8 27. Kg1 g3 28. h3 Qh4 29. Qe2 Ng5 30. Rd2 Bxh3 31. Rbc2 Rfg7 32. Rb2 Bxg2 33. Kxg2 Nh3 34. Qe1 Nf2 35. Ne3 fxe3 0-1

[Event "CZE-ch U14"]
[Site "Sec u Chrudimi"]
[Date "2008.10.28"]
[Round "5"]
[White "Pospisil, Martin"]
[Black "Stodola, Marek"]
[Result "1-0"]
[WhiteElo "1819"]
[BlackElo "1579"]
[PlyCount "109"]
[EventDate "2008.10.25"]
[EventType "swiss"]
[EventRounds "9"]
[EventCountry "CZE"]
[SourceTitle "EXT 2022"]
[Source "ChessBase"]
[SourceDate "2021.10.06"]
[SourceVersion "1"]
[SourceVersionDate "2021.10.06"]
[SourceQuality "1"]

1. d4 d5 2. Bf4 Nf6 3. e3 Bf5 4. c4 e6 5. Qb3 b6 6. Nc3 dxc4 7. Qa4+ Nfd7 8. Nb5 Bd6 9. Bxd6 cxd6 10. Nxd6+ Kf8 11. g3 a6 12. Bg2 Ra7 13. Nb5 axb5 14. Qxa7 Qe7 15. a3 Qd6 16. Ne2 b4 17. Qa4 bxa3 18. Qxa3 Qxa3 19. Rxa3 Ke7 20. e4 Bg6 21. Ra8 Rc8 22. Kd2 Kd6 23. Nc3 e5 24. Nb5+ Ke6 25. Bh3+ Ke7 26. f3 exd4 27. Nxd4 Rc5 28. Nf5+ Bxf5 29. Bxf5 h6 30. Ra7 Kd8 31. Kc3 g6 32. Bxd7 Nxd7 33. Rd1 Rc7 34. Rxd7+ Rxd7 35. Rxd7+ Kxd7 36. Kxc4 Kc6 37. b4 f6 38. f4 b5+ 39. Kd4 Kd6 40. e5+ fxe5+ 41. fxe5+ Ke6 42. Kc5 Kxe5 43. Kxb5 Ke4 44. Kc6 Kf3 45. b5 Kg2 46. b6 Kxh2 47. b7 Kxg3 48. b8Q+ Kg4 49. Kd5 h5 50. Ke4 g5 51. Qc8+ Kg3 52. Qf5 h4 53. Qxg5+ Kh3 54. Kf3 Kh2 55. Qg2# 1-0